000 00654nam a2200181Ia 4500
008 100921s9999 xx 000 0 und d
082 _b4614
_a891.464 थ 54
100 _aमहाराष्ट्र साहित्य परिषद,पुणे.
245 _aनिबंध विकास.
260 _bमहाराष्ट्र साहित्य परिषद,पुणे.
_c1954
300 _a143
_b---
365 _b0
520 _aललित-निबंध.
630 _aनिबंध विकास.
650 _aललित-निबंध.
730 _aनिबंध विकास.
942 _cBOOK
999 _c753727
_d753724